LEADER 01658nam a2200361 4500 001 000000352753 003 CaOOAMICUS 005 20230307150458.0 008 230120s2022 it a 000 u ita r 020 $a978-88-8404-814-1 040 $aSeMil$bita 100 1 $aGuerriero, Elio,$d<1948- >.$0(OLS)http://semarc/name/487 245 13$aIl Concilio Vaticano 2. :$bstoria e significato per la Chiesa /$cElio Guerriero ; introduzione di papa Francesco. 264 1$aCamerata Picena (An) :$bShalom,$c2022. 300 $a95 p. :$bill. ;$c17 cm 490 1 $aQuaderni del Concilio ;$v1 500 $aIn testa al front.: Dicastero per l'Evangelizzazione Sezione per le questioni fondamentali dell'evangelizzazione nel mondo 541 0 $aOmaggio mons. Mario Delpini (5B III 65/16) 650 4$aConcilio Vaticano II <1962-1965>.$0(OLS)http://semarc/subject/283 700 0 $aFranciscus I,$c.$0(OLS)http://semarc/name/2737 830 0$aQuaderni del Concilio ;$v1.$0(OLS)http://semarc/title/18114 850 $aSeMil 852 $aSeMil$W1$xVenegono$y1$m5B III 65/16$j238253$B243968$CSeMilBibl$Z2$F243968 $81 900 1 $aBergoglio, Jorge Mario,$d<1936-2025>. 900 0 $aFrancesco I$c. 941 1 $a7 961 $aOmaggio mons. Mario Delpini 996 $6020$a978-88-8404-814-1$9(OLS)http://semarc/number/297509 996 $6245$aIl Concilio Vaticano 2. :$bstoria e significato per la Chiesa$9(OLS)http://semarc/title/442662 996 $6264$aCamerata Picena (An) :$bShalom$9(OLS)http://semarc/publisher/34689 LEADER 00802nam a2200217 i 4500 001 000000224001 003 CaOOAMICUS 005 20131023000000.0 008 131023s1747 it u000 u fre u 013 $a202899 026 $ansi- teil este bomo (3) 1747 (R) 040 $aSeMil$bita 245 10$aTome 1. 300 $aXLVI, [II], 518, [10] p. 500 $aSegn. : a-b12 A-Y12. 773 0 $aDuhamel, Charles Louis Bardou <1699-1759>$tTraité sur la manière de lire les auteurs auec utilité. Tome 1. [-3.].$dA Paris : Chez Ph. N. Lottin, & J. H. Butard, 1747-1751.$g1$w()28950 850 $aSeMil 852 $aSeMil$W1$xVenegono$y1$m2R I 130 FA$j174347$B174347$CSeMilBibl$Z2$F184468 $8I 941 1 $a10 961 $aRecupero: Mantegazza 996 $6245$aTome 1$9(OLS)http://semarc/title/1447